El conocimiento y la comunicación de la dimensión natural dentro de una perspectiva de la especialidad contable socio-ambiental (Registro nro. 16978)
[ vista simple ]
| 000 -LEADER | |
|---|---|
| fixed length control field | 00505 a2200133 4500 |
| 001 - CONTROL NUMBER | |
| control field | ART_34258 |
| 005 - DATE AND TIME OF LATEST TRANSACTION | |
| control field | 20260410161721.0 |
| 008 - FIXED-LENGTH DATA ELEMENTS--GENERAL INFORMATION | |
| fixed length control field | 260409a |
| 100 1# - MAIN ENTRY--PERSONAL NAME | |
| Personal name | Geba, Norma Beatriz |
| 245 10 - TITLE STATEMENT | |
| Title | El conocimiento y la comunicación de la dimensión natural dentro de una perspectiva de la especialidad contable socio-ambiental |
| 700 1# - ADDED ENTRY--PERSONAL NAME | |
| Personal name | Bifaretti, Marcela Claudia |
| 700 1# - ADDED ENTRY--PERSONAL NAME | |
| Personal name | Sebastián, Mónica P. |
| 773 0# - HOST ITEM ENTRY | |
| Title | Contabilidad y auditoría |
| Related parts | - Año 21, Nº 41 (jun. 2015) |
| Record control number | REV1723 |
No hay ítems disponibles.